00672nam a22002177a 450000500170000001000190001702000260003602000260006203500140008803500140010203700090011608200080012510000210013324500530015426000460020727000920025330000190034549000230036450000390038770000280042620241127161149.0 aENG-142668-669 a9789364680172c820.00 a9789364680080c705.00 aEN-126200 aEN-126201 bDBAD a530 aVivekanandan, P. aPhysics/cby P. Vivekanandan [and] D.K. Banerjee aUttar PradeshbS Chand School Booksc2025 aD-92, Sector-23, Noida bUttar Pradeshe201301k0120-4682700minfo@schandpublishing.com avpp.c25cm(pb) vVolume 1, Volume 2 aAs Per 2026 Syllabus For Class XII aBanerjee, D.K. eAuthor